Statistics for World Capitals Map Quiz

Click here to take the quiz!

General Stats

  • This quiz has been taken 1,146 times
    (1,123 since last reset)
  • The average score is 90 of 199

Answers on the Map

Answers color-coded by a green-red scale on the quiz's map according to % correct below.
 

Answer Stats

Answer% Correct
Washington D.C.
84%
Mexico City
82%
Ottawa
82%
Amsterdam
71%
Andorra la Vella
69%
Madrid
69%
Brasília
68%
Dublin
68%
London
68%
Athens
67%
Lisbon
67%
Paris
67%
Berlin
66%
Moscow
66%
Buenos Aires
65%
Panama City
65%
Reykjavík
65%
Algiers
64%
Copenhagen
64%
Havana
64%
Monaco
64%
Rome / Vatican
64%
Stockholm
64%
Beijing
63%
Brussels
63%
Cairo
63%
Guatemala City
63%
Oslo
63%
Abu Dhabi
62%
Ankara
62%
Canberra
62%
Helsinki
62%
Kiev
62%
Tokyo
62%
Luxembourg
61%
New Delhi
61%
San Marino
61%
Warsaw
61%
Lima
60%
Seoul
60%
Bangkok
59%
Bern
59%
San Salvador
59%
Bogotá
58%
Djibouti
58%
Wellington
58%
Cape Town
57%
Prague
57%
Tunis
57%
Minsk
56%
Santiago
56%
Singapore
56%
Budapest
55%
Jerusalem
55%
Pyongyang
55%
Vienna
55%
Caracas
54%
Kuwait City
54%
Taipei
54%
Addis Ababa
53%
Baghdad
53%
Bucharest
52%
Jakarta
52%
Riga
52%
São Tomé
52%
Sofia
52%
Sri Jayawardenapura Kotte
52%
Valletta
52%
Manila
51%
Zagreb
51%
Asunción
50%
Belgrade
50%
Hanoi
50%
Montevideo
50%
Quito
50%
Tallinn
50%
Ulaanbaatar
50%
Vilnius
50%
Antananarivo
49%
Beirut
49%
Kingston
49%
Kuala Lumpur
49%
Santo Domingo
49%
Belmopan
48%
Nairobi
48%
Nassau
48%
Nicosia
48%
Port-au-Prince
48%
Rabat
48%
Tehran
48%
Tripoli
48%
Baku
47%
Bratislava
47%
Islamabad
47%
Ljubljana
47%
Riyadh
47%
Chișinău
46%
Damascus
46%
Kabul
46%
Kathmandu
46%
La Paz
46%
Phnom Penh
46%
San José
46%
Sarajevo
46%
Tirana
45%
Vaduz
44%
Amman
43%
Bissau
43%
Dhaka
43%
Muscat
43%
Skopje
43%
Sucre
43%
Tegucigalpa
43%
Abuja
42%
Accra
42%
Tbilisi
42%
Doha
41%
Managua
41%
Paramaribo
41%
Sana'a
41%
Dakar
40%
Mogadishu
40%
Bandar Seri Begawan
39%
Malé
39%
Pristina
39%
Windhoek
39%
Dili
38%
Georgetown
38%
Khartoum
38%
Nur-Sultan
38%
Podgorica
38%
Yerevan
38%
Asmara
37%
Brazzaville
37%
Luanda
37%
Ouagadougou
37%
Port-of-Spain
37%
Pretoria
37%
Vientiane
37%
Port Moresby
36%
Harare
35%
Ashgabat
34%
Bamako
34%
Juba
34%
Kampala
34%
Kinshasa
34%
Naypyidaw
34%
N'Djamena
34%
Thimphu
34%
Victoria
34%
Freetown
33%
Manama
33%
Niamey
33%
Bishkek
32%
Nouakchott
32%
Port Louis
32%
Tashkent
32%
Bloemfontein
31%
Conakry
31%
Dodoma
31%
Kigali
31%
Lilongwe
31%
Maputo
31%
Praia
31%
Yamoussoukro
31%
Gaborone
30%
Lomé
30%
Lusaka
30%
Monrovia
30%
Yaoundé
30%
Bangui
29%
Bridgetown
29%
Apia
28%
Banjul
28%
Dushanbe
28%
Libreville
28%
Mbabane
28%
Gitega
26%
Moroni
26%
Porto-Novo
26%
Saint John's
26%
Maseru
25%
Suva
25%
Basseterre
24%
Castries
24%
Malabo
24%
Roseau
24%
Saint George's
24%
Honiara
23%
Ngerulmud
23%
Port Vila
23%
South Tarawa
23%
Kingstown
22%
Palikir
22%
Funafuti
21%
Nukuʻalofa
21%
Majuro
20%
Yaren
20%
Cotonou
17%

Score Distribution

Percentile by Number Answered

Percent of People with Each Score

Your Score History

You have not taken this quiz since the last reset